000
00293nam a2200121Ia 4500
008
190216s9999||||xx |||||||||||||| ||und||
100
_a
Brendan J Carroll
245
0
_a
English For Colleges
260
_b
Macmillan India Ltd
_c
1971
300
_a
205p
650
_a
English Grammer
942
_c
BK
999
_c
12984
_d
12984